| 000 | 00663nam a2200205Ia 4500 | ||
|---|---|---|---|
| 003 | GCL | ||
| 008 | 140319s9999 xx 000 0 ara d | ||
| 040 |
_aGCL / _cGCL |
||
| 082 | 0 | 4 |
_a250 _bص ت |
| 100 | 1 | _aصوفى حسن ابوطالب | |
| 245 | 1 | 0 |
_aتطبيق الشريعة الاسلامية فى البلاد العربية / _cصوفى حسن ابوطالب |
| 260 |
_a[S.N] : _bدار النهضة العربية ، _c1992 |
||
| 300 | _a371 ص | ||
| 490 | _a | ||
| 650 | 0 | 4 | _aالاحكام الشرعية |
| 650 | 0 | 4 | _aالاجتهاد |
| 650 | 0 | 4 | _aالشريعة الاسلامية |
| 650 | 0 | 4 | _aالفقه الاسلامى |
| 942 |
_2ddc _cBK |
||
| 999 |
_c31811 _d31811 |
||